000 00422nam a2200169Ia 4500
003 OSt
005 20240124134727.0
008 230104s9999||||xx |||||||||||||| ||und||
020 _a0-07-330323
040 _cChuka University Library
050 _aSBL QH 308.2
_bM33 2007
100 _aMader, Sylvia S.
_93557
245 0 _aEssentials of Biology
260 _aMcGrawhill
_bBoston
_c2007
300 _ap644
942 _cBK
_2lcc
999 _c5595
_d5595